[Event "Biel GM 45th"]
[Site "Biel"]
[Date "2012.07.30"]
[Round "7"]
[White "Wang, Hao"]
[Black "Carlsen, Magnus"]
[Result "0-1"]
[WhiteElo "2739"]
[BlackElo "2837"]
[Annotator "Krasenkow,M"]
[PlyCount "120"]
[EventDate "2012.07.23"]
[EventType "tourn"]
[EventRounds "10"]
[EventCountry "SUI"]
[EventCategory "21"]
[SourceTitle "CBM 150"]
[Source "ChessBase"]
[SourceDate "2012.09.14"]
[SourceVersion "1"]
[SourceVersionDate "2012.09.14"]
[SourceQuality "1"]

1. d4 Nf6 2. c4 e6 3. Nf3 b6 4. g3 Ba6 5. b3 Bb7 6. Bg2 Bb4+ 7. Bd2 c5 8. O-O
O-O 9. Bc3 Na6 10. a3 (10. dxc5 Bxc5 11. e3 Be7 12. Nbd2 Nc5 13. Rc1 Qc7 14.
Qe2 Rac8 15. Rfd1 Rfd8 16. Be5 d6 17. Bb2 a6 18. Nd4 Bxg2 19. Kxg2 Qb7+ 20. f3
d5 $11 {1-0 Ponomariov,R (2705)-Grischuk,A (2715)/Moscow 2007/EXT 2008 (33)}) (
10. Bb2 {is played more often, e.g.} cxd4 11. Qxd4 (11. a3 Be7 12. b4 Rc8 13.
Qxd4 Nb8 14. Nbd2 d6 15. Rfd1 Nbd7 16. Rac1 Rc7 17. Ne1 Qa8 18. e4 Rfc8 19. Nd3
a6 20. Qe3 h6 21. h3 b5 $132 {1/2 Pankratov,A (2530)-Olofson,D (2515)/ICCF
2002/ICCF Telechess CBM 112 (43)}) (11. Nxd4 Bxg2 12. Kxg2 Qc7 13. Nf3 Be7 14.
Nc3 Nc5 15. Qd4 Qb7 16. Rfd1 Rfd8 17. Rac1 Rac8 18. Kg1 d6 19. Qe3 a6 20. Nd4
Bf8 $11 {1/2 Aronian,L (2808)-Carlsen,M (2815)/Monte Carlo 2011/CBM 142 (37)})
11... Be7 (11... Bc5 $5 12. Qf4 d5) 12. Nc3 Nc5 13. Rfd1 d6 14. Rac1 a6 15. Qe3
Qc7 16. b4 Ncd7 $132 {0-1 Olafsson,H (2535)-Hjartarson,J (2595)/Vestmannaeyjar
1994/EXT 1997 (65)}) 10... Bxc3 11. Nxc3 cxd4 12. Nxd4 (12. Qxd4 Nc5 13. Nd2
Bxg2 14. Kxg2 d5 15. cxd5 exd5 16. Rfd1 Re8 17. Rac1 Qd7 18. b4 Ne6 19. Qd3 d4
$132 {1-0 Neverov,V (2535)-Kiselev,S (2470)/Pardubice 1993/TD (48)}) 12... Bxg2
13. Kxg2 Nc5 14. Rc1 Qc7 15. b4 Nb7 16. Ncb5 Qb8 17. Qd3 Rc8 18. Rfd1 h6 19. f3
a6 20. Nc3 Nd6 21. Nb1 Nde8 22. Nd2 Qb7 23. c5 {Black's position is very solid
and can resist such attempts to break it up.} (23. N2b3 d6 {leads to a normal
hedgehog.}) 23... bxc5 $6 (23... a5 $5 {, immediately opening up the a-file
and activating the rook, may be more accurate.}) 24. bxc5 Qa7 (24... Rab8 $142)
25. N2b3 {[%csl Rd4] The wrong arrangement of the knights!} (25. N4b3 $142 $1
a5 26. a4 Nd5 27. Nc4 $1 {, and Black faces some problems}) 25... Nd5 26. c6
dxc6 $6 {Obvious but not good. Black had a chance to trade his passive rook:} (
26... Rxc6 $1 27. Rxc6 (27. Nxc6 Ne3+ 28. Kg1 (28. Kh1 Nxd1 {[%cal Rd1f2]})
28... dxc6 {regaining material with a good position}) 27... dxc6 28. Nxc6 Ne3+
29. Kg1 Qb6 30. Rc1 Nf5+ {with sufficient counterplay.}) 27. e4 {Of course,
after this pawn sacrifice White will have compensation due to his more active
pieces but it is not enough for any advantage.} (27. Nxc6 Ne3+ 28. Kh1 Nxd1 29.
Nxa7 Rxc1 $1 30. Kg2 Rc3 31. Qxd1 Rxa7 32. Qd8 Rxb3 33. Qxe8+ Kh7 $15) (27. Na5
$142 {setting up the knight on c6 and creating a kind of domination:} c5 (27...
Ne7 28. Naxc6 Nxc6 29. Nxc6 $14 {[%csl Gc6]}) 28. Ndc6 c4 (28... Qb6 29. e4)
29. Rxc4 Ne3+ 30. Kg1 Rd8 $1 31. Qxd8 Nxd1+ 32. Qd4 $1 Qxd4+ 33. Rxd4 Nc3 34.
Kf2 $14) {However, Black's inaccurate play enables White to create a similar
domination later on.} 27... Ne7 28. Nc5 Nf6 29. Ndb3 Ng6 30. Qc3 Nf8 (30... a5
$142 31. a4 Qc7) 31. Na5 Rab8 32. a4 Kh8 33. Rb1 $6 {Why exchange Black's
crumpled pieces?!} (33. Rd6 $1 $36) 33... Rb6 34. Rxb6 Qxb6 35. Nab7 (35. Nab3
$5 Rb8 36. Rd6) 35... Rb8 36. Nd6 Kg8 37. Rd2 a5 38. Nd3 N8d7 39. Nc4 Qa6 40.
Rc2 (40. Nxa5 Ra8 41. Nxc6 Qxa4) 40... c5 41. Rb2 Rb7 42. Rxb7 Qxb7 43. Qb2 Qa6
44. Qb5 Qxb5 45. axb5 {[%mdl 4096]} a4 {The exchanges have been favourable for
Black, who must now reach a draw without problems.} 46. Ndb2 $2 {[%mdl 8192]
White loses his sense of danger and misses a strong tactical blow!} ({A
logical outcome of the game could be something like} 46. b6 a3 47. Nc1 (47.
Nxa3 Nxb6 48. Nxc5 $11) 47... Kf8 48. b7 Ke7 49. e5 Nd5 50. Nxa3 Nb4 51. Nb5
Nc6 52. f4 Kd8 53. Kf3 Nd4+ 54. Nxd4 cxd4 55. Ke4 Kc7 56. Kxd4 Kxb7 $11) 46...
Nb6 $1 47. Kf2 (47. Nxb6 $2 {is impossible due to} a3 {, and Black's pawn
queens, which means that Black now blockades White's passed pawn and keeps his
strong extra pawn.}) 47... Nfd7 48. Ke3 Kf8 49. f4 f5 50. exf5 exf5 51. Kd3 Ke7
52. Na3 Nf6 $1 53. Nbc4 Nxc4 54. Nxc4 Ne4 55. Ne5 $6 {Totally upset, White
doesn't offer serious resistance.} (55. Kc2 Nd6 $1 56. b6 Kd7 57. Na5 {,
setting up a barrier, was much more stubborn.}) 55... Kd8 56. g4 fxg4 57. Nxg4
Nd6 58. b6 Kc8 59. Ne3 Kb7 60. Nd5 Kc6 0-1

[Event "EU-Cup 24th"]
[Site "Kallithea"]
[Date "2008.10.20"]
[Round "4"]
[White "Sargissian, Gabriel"]
[Black "Grischuk, Alexander"]
[Result "1/2-1/2"]
[WhiteElo "2642"]
[BlackElo "2719"]
[Annotator "Krasenkow,M"]
[PlyCount "73"]
[EventDate "2008.10.17"]
[EventType "team-swiss"]
[EventRounds "7"]
[EventCountry "GRE"]
[SourceTitle "CBM 127"]
[Source "ChessBase"]
[SourceDate "2008.11.13"]
[SourceVersion "1"]
[SourceVersionDate "2008.11.13"]
[SourceQuality "1"]
[WhiteTeam "Erevan MIKA"]
[BlackTeam "Ural Sverdlovskaya"]
[WhiteTeamCountry "ARM"]
[BlackTeamCountry "RUS"]

1. d4 Nf6 2. c4 e6 3. Nf3 b6 4. g3 Ba6 5. Qc2 c5 6. d5 exd5 7. cxd5 Bb7 8. Bg2
Nxd5 9. O-O Be7 10. Rd1 Nc7 {A rare defense, for the first time applied at the
elite GM level in the present game.} (10... Nc6 {- see Akopian-Palac in this
issue.}) 11. Nc3 Ne6 (11... O-O $2 12. Ng5 Bxg5 13. Bxb7 $18 {1-0 Scepanovic,R
(2284)-Pantovic,D (2171)/Belgrade 2008/CBM 122 Extra (22)}) (11... a6 12. Ne4
$6 (12. Ne5 $5) 12... d5 13. Nh4 Bxh4 14. gxh4 Nc6 15. Bf4 O-O 16. Ng5 g6 17.
h5 Ne6 18. Nxe6 fxe6 19. e3 gxh5 20. Kh1 Kh8 $17 {1/2 Khmelniker,I (2411)
-Sulskis,S (2528)/Dresden 2007/CBM 118 (35)}) (11... Nc6 12. Ne5 $1 (12. Qf5
Qc8 13. Qh5 $6 O-O 14. Bg5 Ne6 15. Bh3 Bxg5 16. Nxg5 Nxg5 17. Bxd7 Qc7 18. Qxg5
Nd4 $17 {0-1 Scepanovic,R (2250)-Rajkovic,D (2522)/Belgrade 2007/CBM 121 Extra
(28)}) (12. e4 $5 Ne6 13. Be3 O-O 14. Rd2 $44 Ncd4 $6 15. Nxd4 cxd4 16. Bxd4
Nxd4 17. Rxd4 Bf6 $2 18. e5 Bxg2 19. exf6 $16 {1-0 Spiess,G (2398)-Bakker,S 
(2253)/Dresden 2007/CBM 118 (49)}) 12... Qc8 13. Qf5 Nxe5 14. Qxe5 Ne6 15. Nd5
Bxd5 $6 (15... Bd8 $5 16. b3 O-O 17. Bb2 $36) 16. Bxd5 Bf6 17. Qe4 Rb8 18. Bf4
Bxb2 19. Rab1 Bf6 20. Bd6 Be7 21. Bxb8 Qxb8 22. Bc4 Qc8 23. Bb5 $16 {1/2
Pashikian,A (2538)-Van Wely,L (2674)/Dresden 2007/CBM 118 (27)}) (11... Qc8 12.
Bf4 (12. e4 O-O 13. Be3 d6 14. Ng5 h6 15. Nh3 Nd7 16. Nf4 Nf6 17. Bh3 Qb8 18.
a4 Bc6 19. f3 Qb7 $15 {0-1 Tarasova,V (2276)-Kursova,M (2322)/Dagomys 2008/CBM
123 Extra (41)}) (12. Bg5 $5) 12... Ne6 13. Nd5 Bxd5 14. Rxd5 Nc6 15. Qe4 O-O
16. Rad1 Bf6 17. Be5 Bxe5 18. Nxe5 Nxe5 19. Qxe5 Rd8 20. Rd6 Rb8 21. e3 Nf8 22.
Bd5 $44 {1/2 Brunsteins,D-Schuster,P/LSS 2007/Telechess CBM 125 (31)}) 12. Ne5
$1 $146 {[%mdl 8]} (12. Bf4 Nc6 13. Nd5 Nxf4 14. gxf4 O-O 15. Ne5 Nxe5 16. fxe5
Bxd5 17. Rxd5 Qc7 18. Rad1 Rad8 19. Qd3 c4 20. Qg3 Bc5 21. Bh3 Rde8 22. Bxd7
Re7 23. Kh1 Rd8 24. Bf5 Rxd5 25. Rxd5 g6 $11 {0-1 Schiendorfer,E (2240)-Carron,
J (2414)/Winterthur SUI 2008/The Week in Chess 727 (49)}) 12... Bxg2 13. Kxg2 {
[%cal Rc2e4]} a6 $6 (13... Qc8 $5 14. Nd5 Bd8 15. Qf5 $44) 14. Nd5 O-O 15. Nc4
Nc6 {Black must give the pawn back to complete his development but then the
weakness of light squares and the d7 pawn becomes essential.} 16. Ndxb6 (16.
Ncxb6 Rb8 17. Nc4 Nb4 $5 18. Nxb4 Rxb4 {[%cal Yd8a8]}) 16... Ncd4 17. Qe4 Rb8
18. Nd5 $16 {[%csl Gc4,Gd5]} f5 $5 {A desperate attempt to prevent total
blockade.} 19. Qd3 Nc7 20. Ncb6 Kh8 (20... Rf7 21. e3 Nxd5 22. Nxd5 Nc6 23. b3
$16) 21. Bd2 (21. e3 Nc6 22. Nc4 $16) 21... Nxd5 22. Nxd5 Rxb2 23. Bc3 Rb5 24.
Bxd4 (24. a4 $5 Rb3 $140 25. Qxa6) 24... cxd4 25. Qxd4 Bc5 26. Qc4 Qc8 27. a4
Rb8 28. Nf4 d6 29. Ne6 Qc6+ 30. Qd5 Rfc8 31. Rac1 $6 {White moves astray.} (31.
Qxc6 Rxc6 32. Rab1 {[%cal Gb1b8]} Re8 (32... Rcc8 33. Rxb8 Rxb8 34. Rd5) 33.
Rb7 $16) 31... g6 32. Qxc6 Rxc6 33. Rc4 $6 (33. e3 $14) 33... Re8 34. Nxc5 {
Alas, this unfavorable exchange is forced. The arising rook ending is drawn.} (
34. Nf4 g5 $1 {[%csl Re2]}) 34... Rxc5 35. Rf4 d5 36. e3 Re4 37. Rb1 1/2-1/2

[Event "Sochi FIDE GP"]
[Site "Sochi"]
[Date "2008.07.31"]
[Round "1"]
[White "Navara, David"]
[Black "Ivanchuk, Vassily"]
[Result "1/2-1/2"]
[WhiteElo "2646"]
[BlackElo "2781"]
[Annotator "Krasenkow,M"]
[PlyCount "77"]
[EventDate "2008.07.31"]
[EventType "tourn"]
[EventRounds "13"]
[EventCountry "RUS"]
[EventCategory "19"]
[SourceTitle "CBM 126"]
[Source "ChessBase"]
[SourceDate "2008.10.01"]
[SourceVersion "1"]
[SourceVersionDate "2008.10.01"]
[SourceQuality "1"]

1. d4 Nf6 2. c4 e6 3. Nf3 b6 4. g3 Ba6 5. Qb3 $5 Nc6 6. Nbd2 Bb7 {[%cal Rc6d4]}
(6... Na5 {is played more frequently but the whole line is quite rare. A
typical example in which Black equalized:} 7. Qc3 c5 8. dxc5 bxc5 9. e4 Bb7 10.
e5 Ne4 11. Nxe4 Bxe4 12. Bg2 Nc6 13. O-O Rb8 14. Re1 Bxf3 15. Qxf3 Nd4 16. Qd3
Be7 17. Rb1 a5 18. Bd2 Qb6 19. Be4 {1/2 Gustafsson,J (2606)-Eljanov,P (2681)/
Germany 2008/CBM 123}) 7. e4 (7. e3 $5 Na5 (7... h5 $5 {is curious}) 8. Qc2 (8.
Qc3 c5 9. dxc5 bxc5 10. Bg2 g6 11. b3 Bg7 12. Bb2 Nh5 13. Qc2 Bxb2 14. Qxb2 Qf6
15. Qxf6 Nxf6 16. O-O Ke7 $11 {1/2-1/2 Lysyj,I-Shirov,A/Mainz 2007/CBM 119 ext
(32)}) 8... c5 9. dxc5 bxc5 10. Bg2 Be7 11. O-O O-O 12. b3 Qb6 13. Bb2 d6 14.
Ng5 e5 15. Nge4 Ne8 16. Rad1 $14 {1-0 Tunik,G (2490)-Azarova,N (2299)/Minsk
BLR 2008/The Week in Chess 717 (48)}) 7... d5 (7... Bb4 8. d5 Bxd2+ 9. Bxd2 Ne7
10. Bd3 d6 11. O-O O-O 12. Bg5 (12. dxe6 $1 fxe6 13. Ng5 $36) 12... Nd7 13. Qc2
a5 14. Rfe1 Nc5 15. Bf1 h6 16. Be3 e5 17. Nh4 Bc8 18. Bg2 f5 {1/2 Farago,I 
(2482)-Lauer,M (2284)/Nuernberg GER 2008/The Week in Chess 722}) (7... Na5 8.
Qc2 Bb4 (8... c5 9. d5 $14) 9. Bd3 c5 10. dxc5 Bxc5 11. O-O Rc8 12. Qd1 Ng4 13.
a3 Qf6 14. Rb1 Nc6 15. b4 Bd6 16. Bb2 $14 {0-1 Barlov,D-Benjamin,J/New York
1987/CBM 002 (34)}) (7... Ne7 8. Bd3 Ng6 9. O-O d6 10. Re1 Be7 11. Qc2 e5 12.
b3 O-O 13. Bb2 Nd7 14. Bf1 $14 {1-0 Barlov,D-Efimov,I/Cutro 1997/EXT 2000 (37)}
) 8. cxd5 exd5 9. e5 Ne4 10. Bd3 (10. Qc2 Qd7 11. a3 O-O-O 12. h4 Kb8 13. Bh3
Qe8 14. O-O f6 15. exf6 gxf6 16. Re1 Qh5 17. Bg2 f5 $36 {0-1 Oms Pallise,
J-Nisipeanu,L/Andorra 2003/CBM 095 ext (39)}) (10. a3 Be7 11. Bd3 Qd7 12. O-O
O-O-O 13. Nxe4 dxe4 14. Bxe4 Nxd4 15. Bxb7+ Kxb7 16. Nxd4 Qxd4 17. Qxf7 Qxe5
$11 {0-1 Gonzalez Zamora,J-Veingold,A/Mallorca 2004/CBM 104 (62)}) 10... Bb4 (
10... Be7 $5 {is probably safer but is it good enough to equalize?} 11. O-O O-O
12. Re1 (12. Nxe4 dxe4 13. Bxe4 Nxd4 14. Qe3 (14. Bxh7+ $4 Kxh7 15. Qd3+ Kh8
16. Nxd4 c5) 14... Nxf3+ 15. Qxf3 Bxe4 16. Qxe4 Qd7 $11) 12... f5 13. exf6 Nxf6
14. a3 Kh8 15. Qd1 $1 (15. Qc2 Ne4 16. Bb5 Qd6 $1 $11 (16... Nxd4 $2 17. Nxd4
Bc5 18. Nxe4 Bxd4 19. Bg5 Qc8 20. Rad1 $18 {1-0 Greenfeld,A-Almasi,Z/Mainz
2004/CBM 101 ext (25)})) 15... a5 $6 (15... Qd7 16. b4 Rae8 17. Bb2 $14) 16.
Ng5 $1 Nxd4 17. Nxh7 Bc5 $5 18. Nxf8 Qxf8 19. Nf3 Ng4 20. Bf4 Ne6 $5 21. Nh4 $6
(21. Ne5 $18 {Gershon}) 21... Bxf2+ 22. Kf1 Nxh2+ 23. Kxf2 $2 (23. Kg2 $3 Nxf4+
24. gxf4 d4+ 25. Kh3 $1 Bc8+ 26. f5 $18 {Gershon}) 23... Nxf4 24. Kg1 Qc5+ $1
$132 {0-1 Tkachiev,V-Sulskis,S/Istanbul 2003/CBM 096/[Gershon] (33)}) 11. O-O
O-O (11... Bxd2 12. Bxd2 (12. Nxd2 $5 {Sasikiran}) 12... O-O (12... Nxd2 13.
Nxd2 O-O (13... Nxd4 $2 14. Qa4+ Nc6 15. Bb5) 14. Qc3 $14) 13. Be3 Kh8 (13...
Qd7 14. Nh4 $1 $16) 14. Nh4 f5 15. exf6 Nxf6 16. f3 a5 17. a3 Ba6 18. Bxa6 Rxa6
19. Rac1 Ne7 20. Bf4 Ra7 21. Rfe1 Qd7 22. Qe3 Nc6 23. Qc3 Ne7 24. Re5 Rc8 25.
Rce1 Neg8 26. Re6 $16 {0-1 Zakhartsov,V (2556)-Moranda,W (2533)/Warsaw POL
2008/The Week in Chess 718 (69)}) 12. Rd1 {[%cal Rd2e4]} (12. Nxe4 dxe4 13.
Bxe4 Nxd4 {is still OK for Black:} 14. Nxd4 Bxe4 15. Qxb4 c5 16. Ne6 cxb4 17.
Nxd8 Rfxd8 $11 {0-1 Cramling,P-Lautier,J/Montpellier 2006/CBM 111 ext (45)})
12... Bxd2 13. Bxd2 Qd7 (13... a5 14. Rac1 Rc8 15. a3 (15. Qa4 Ne7 16. b4 (16.
Bb5 $14) (16. Bf4 $14) 16... axb4 17. Bxb4 c5 18. dxc5 bxc5 19. Qa7 cxb4 20.
Qxb7 Nc3 21. Re1 Rb8 22. Qa7 {1/2-1/2 Riazantsev,A-Ivanov,S/St Petersburg 2005/
CBM 106 ext}) 15... Kh8 16. Bb5 Ne7 17. Be2 Ba8 18. Bg5 h6 19. Bxe7 Qxe7 20.
Nh4 Rb8 21. Bg4 c5 22. f3 Ng5 23. Nf5 Qd8 24. Nd6 $14 {1/2-1/2 Dydyshko,
V-Maiorov,N/Minsk 2007/CBM 116 ext (33)}) (13... Kh8 14. Rac1 (14. Be3 f6 15.
Bb5 $6 Na5 16. Qc2 Nc4 17. Bxc4 dxc4 18. d5 Bxd5 19. exf6 Qxf6 20. Rxd5 Qxf3
$15 {0-1 Karpov,A-Lautier,J/Cap d'Agde 2003/CBM 098 (44)}) (14. Bf4 $5 f6 15.
exf6 Rxf6 16. Rac1 $14 Qe8 $2 17. Qxd5 Nd6 18. Re1 Ne7 19. Qe5 $18 {0-1
Lautier,J-Sasikiran,K/Corsica 2005/EXT 2006 (25)}) 14... f6 15. Bf4 (15. Bb5
Qd7 16. e6 Qxe6 17. Qa4 Qf5 18. Kg2 Ne5 $1 19. dxe5 fxe5 $40 {1-0 Aleshin,O-Xu
Yuhua/Moscow 2005/EXT 2006 (39)}) 15... Na5 16. Qc2 Rc8 17. b4 $6 (17. exf6
Rxf6 18. Ne5 $16) 17... Nc6 18. Qa4 fxe5 19. Nxe5 Nxe5 20. Bxe4 Rxf4 21. gxf4
Ng4 22. Bf3 Qh4 23. Bxg4 Qxg4+ 24. Kh1 Qf3+ 25. Kg1 Qg4+ 26. Kh1 Qf3+ 27. Kg1
Qg4+ 28. Kh1 {1/2-1/2 Sargissian,G-Zhang Zhong/ICC INT 2004/CBM 105}) 14. Rac1
Rac8 15. Be3 $14 {White has a bishop pair, a space advantage, and Black's
b7-bishop is still passive.} Na5 16. Qc2 Nc4 17. Bf4 h6 18. b3 Na5 {[%csl Ra5]}
19. Nd2 $6 {So far everything has been correct but now White should have
prevented ...c7-c5 by means of} (19. Qb1 $1 $16 c5 $140 ({to other moves, say,
} 19... Qe6 {, White replies} 20. b4 $1 Nc4 $140 21. Rxc4 $18) 20. dxc5) 19...
c5 20. Nxe4 (20. dxc5 Rxc5 21. Qb2 Rfc8 $14) 20... dxe4 21. Bxe4 cxd4 22. Qd3
Rxc1 23. Rxc1 $14 {White still keeps something of a plus, mostly due to
Black's poor a5-knight.} Rd8 (23... Bxe4 $5 24. Qxe4 d3) 24. b4 (24. Bxb7 $5
Nxb7 (24... Qxb7 25. b4 Nc6 26. Qe4 Rc8 27. e6 $18) 25. b4 {[%csl Rb7]}) 24...
Nc6 25. Qf3 Rc8 26. Rd1 Qe6 27. b5 $6 {White certainly saw Black's tactical
idea but he didn't find a good way to anticipate it. Here are some possible
lines:} (27. Qg2 Ba6) (27. Qh5 Rd8 {[%cal Yc6a5]}) (27. a3 g5 28. b5 gxf4 29.
bxc6 Bxc6 30. Rxd4 fxg3 31. hxg3 Bxe4 32. Rxe4 Rc5 {and Black has enough
counterplay in any case.}) 27... Nxe5 $1 28. Bxe5 Bxe4 29. Qxe4 Re8 30. Re1 f6
31. Qxd4 Qxa2 {Even simpler than} (31... fxe5) 32. Re3 fxe5 33. Rxe5 Rxe5 34.
Qxe5 Qc4 35. h4 a6 36. bxa6 Qxa6 37. Qe8+ Kh7 38. Qe4+ Kg8 39. Qe8+ 1/2-1/2